000 00930cam a2200181 i 4500
005 20250911143809.0
020 _a9781804294659
082 0 0 _a335.009 485 OST/R
100 1 _aÖstberg, Kjell,
_91293
245 1 4 _aThe rise and fall of Swedish social democracy /
_cby Kjell Östberg.
260 _a. - London
_b: Verso
_c, 2024
300 _a296 pages ;
504 _aIncludes bibliographical references and index.
505 0 _aIntroduction -- Origins -- The Revolutionary Years -- Social Democracy in the Face of Reality -- The Crisis of the 1930s and the Social Democratic Breakthrough -- Harvest Time? -- The 1960s: The People's Home and Its Fractures -- The 1970s: A Socialist Sweden? -- Social Democracy Under Neoliberalism -- Conclusion.
520 _a"A comprehensive study of the rise and fall of one of the most influential political movements of our time"--
650 0 _aSocialism
_zSweden
_91294
942 _2ddc
_cBK
999 _c751275
_d751275